01119nam a2200265Ia 4500003000400000005001700004008004100021020001800062040002100080041000800101082002400109100003800133245012800171250002200299260004900321300006100370490004100431500003700472505021000509650001400719650002100733650002400754700003600778700003900814OSt20201214113251.0191128s2009 ck ad fr 000 0 spa d a9789587380651 aCO-JMCRcCO-JMCR0 aspa04a336.26 /bP226d2231 aPardo Carrero, Germán, eeditor13aEl derecho aduanero en el siglo XXI / cGermán Pardo Carrero, Ramiro Araujo Segovia, Diana Caballero Agudelo [y otros 13] aPrimera edición aBogotá : bUniversidad del Rosario, c2009 a662 páginas : bgráficos a blanco y negro ; c24 cm.0 aColección textos de jurisprudencia aIncluye notas a pie de página.0 tEl derecho aduanero en el siglo XXI / rAlejandro Venegas FrancotEl reto de construir un nuevo derecho aduanero / rEdgar Gómez QuiñonestRazón de ser del derecho aduanero / rGermán Pardo Carrero14aAduanas 14aDerecho aduanero14aAranceles de aduana1 aAraujo Segovia, Ramiro, eautor1 aCaballero Agudelo, Diana, eautor